Radioastronomical measurements of plasma characteristics of the solar corona and the solar wind (Record no. 18923)
[ view plain ]
| 000 -LEADER | |
|---|---|
| fixed length control field | 00774nam a2200181Ia 4500 |
| 003 - CONTROL NUMBER IDENTIFIER | |
| control field | IN-BaIIA |
| 008 - FIXED-LENGTH DATA ELEMENTS--GENERAL INFORMATION | |
| fixed length control field | 211028s9999 xx 000 0 eng d |
| 040 ## - CATALOGING SOURCE | |
| Transcribing agency | IIA Library |
| 100 ## - MAIN ENTRY--PERSONAL NAME | |
| Personal name | Sakurai, Takayuki |
| 9 (RLIN) | 36144 |
| 245 #0 - TITLE STATEMENT | |
| Title | Radioastronomical measurements of plasma characteristics of the solar corona and the solar wind |
| Remainder of title | a thesis submitted in partial fulfillment of the requirements for the doctor of philosophy degree in physics in the graduate college of the University of Iowa |
| Statement of responsibility, etc. | Takayuki Sakurai |
| 260 ## - PUBLICATION, DISTRIBUTION, ETC. | |
| Place of publication, distribution, etc. | U.S.A |
| Name of publisher, distributor, etc. | University of Microfilms International |
| Date of publication, distribution, etc. | 1993 |
| 300 ## - PHYSICAL DESCRIPTION | |
| Extent | xiv, 194p. |
| 650 ## - SUBJECT ADDED ENTRY--TOPICAL TERM | |
| Topical term or geographic name entry element | Radioastronomy-Theses |
| 9 (RLIN) | 36145 |
| 650 ## - SUBJECT ADDED ENTRY--TOPICAL TERM | |
| Topical term or geographic name entry element | Solar corona-Theses |
| 9 (RLIN) | 36146 |
| 650 ## - SUBJECT ADDED ENTRY--TOPICAL TERM | |
| Topical term or geographic name entry element | Solar wind-Theses |
| 9 (RLIN) | 36147 |
| 700 ## - ADDED ENTRY--PERSONAL NAME | |
| Personal name | Steven R. Spangler |
| 9 (RLIN) | 36148 |
| 942 ## - ADDED ENTRY ELEMENTS (KOHA) | |
| Koha item type | Books |
| Withdrawn status | Lost status | Damaged status | Not for loan | Home library | Current library | Shelving location | Date acquired | Source of acquisition | Cost, normal purchase price | Total Checkouts | Barcode | Date last seen | Cost, replacement price | Price effective from | Koha item type | Purchase Price |
|---|---|---|---|---|---|---|---|---|---|---|---|---|---|---|---|---|
| IIA Library-Bangalore | IIA Library-Bangalore | General Stacks | 23/09/2014 | ANJ | 3103.00 | 19845 | 05/11/2021 | 3103.00 | 23/09/2014 | Books | Rs. 3103.00 |